[Event "Jermuk Asrian Memorial 12th"]
[Site "Jermuk"]
[Date "2019.06.13"]
[Round "3"]
[White "Mikaelyan, Arman"]
[Black "Der Manuelian, Haik O"]
[Result "1/2-1/2"]
[WhiteElo "2453"]
[BlackElo "2309"]
[PlyCount "176"]
[EventDate "2019.06.11"]
[EventType "swiss"]
[EventRounds "9"]
[EventCountry "ARM"]
[SourceTitle "CBM 191 Extra"]
[Source "ChessBase"]
[SourceDate "2019.09.30"]
[SourceVersion "1"]
[SourceVersionDate "2019.09.30"]
[SourceQuality "1"]

1. c4 c6 2. Nf3 d5 3. g3 Nf6 4. Bg2 g6 5. b3 Bg7 6. Bb2 0-0 7. 0-0 Bg4 8. d3 Nbd7 9. Nbd2 Ne8 10. Bxg7 Kxg7 11. b4 Nef6 12. Qb3 Bxf3 13. Bxf3 e6 14. Rfc1 Qb6 15. Rab1 Kg8 16. Qc3 e5 17. b5 d4 18. Qa1 c5 19. a4 Rab8 20. a5 Qd6 21. Re1 Rfd8 22. e3 Nf8 23. b6 a6 24. exd4 cxd4 25. c5 Qxc5 26. Rbc1 Qe7 27. Nc4 N8d7 28. Qxd4 exd4 29. Rxe7 Kf8 30. Re2 Rdc8 31. g4 Rc5 32. Rce1 Nd5 33. Re4 Nb4 34. Rxd4 Nc2 35. Rxd7 Nxe1 36. Bd5 Ke8 37. Ne5 Nf3+ 38. Bxf3 Rxe5 39. Rc7 Rxa5 40. Bxb7 Kf8 41. Kg2 Rb5 42. Bxa6 R5xb6 43. Bc4 R8b7 44. Rc8+ Kg7 45. Re8 Rb2 46. g5 Rc7 47. Re5 f6 48. gxf6+ Kxf6 49. Re6+ Kf5 50. Re8 Rc6 51. Kg3 Rd2 52. Re7 h6 53. h4 Rd1 54. Rh7 h5 55. f3 Rf6 56. Rd7 Rg1+ 57. Kf2 Rc1 58. Kg3 Rb6 59. Rf7+ Ke5 60. Re7+ Kf6 61. Rh7 Ke5 62. Re7+ Kd4 63. Rd7+ Ke3 64. Re7+ Kd2 65. Rf7 Rd6 66. Rf4 Rg1+ 67. Kf2 Re1 68. d4 Rb1 69. Bf7 Rb4 70. Kg3 Kd3 71. Ba2 Rdxd4 72. Rf6 Rxh4 73. Bb1+ Rxb1 74. Kxh4 Rg1 75. Re6 Rg2 76. Re1 Kd2 77. Re6 Rg1 78. Re5 Kd3 79. Re4 Rg2 80. Re1 Re2 81. Rg1 Re6 82. Kg5 Ke2 83. f4 Kf3 84. f5 gxf5 85. Kxf5 Re8 86. Rh1 Rh8 87. Kg5 Rg8+ 88. Kh4 Rg4+ 1/2-1/2

[Event "Djenovici TS05 GM 3rd"]
[Site "Djenovici"]
[Date "2019.05.22"]
[Round "6"]
[White "Rabrenovic, Vladan"]
[Black "Der Manuelian, Haik O"]
[Result "1/2-1/2"]
[WhiteElo "2334"]
[BlackElo "2277"]
[PlyCount "66"]
[EventDate "2019.05.18"]
[EventType "tourn"]
[EventRounds "9"]
[EventCountry "MNE"]
[EventCategory "6"]
[SourceTitle "CBM 190 Extra"]
[Source "ChessBase"]
[SourceDate "2019.07.15"]
[SourceVersion "1"]
[SourceVersionDate "2019.07.15"]
[SourceQuality "1"]

1. d4 d5 2. c4 c6 3. cxd5 cxd5 4. Bf4 Nf6 5. Nc3 Nc6 6. e3 Bf5 7. Qb3 Na5 8. Qa4+ Bd7 9. Qc2 e6 10. Bd3 Be7 11. Nf3 Nc6 12. Qe2 Nh5 13. Be5 f6 14. Bg3 f5 15. Ne5 Nxg3 16. hxg3 Nxe5 17. dxe5 Qc7 18. f4 0-0-0 19. 0-0-0 Qb6 20. Kb1 g6 21. Bc2 Kb8 22. Bb3 h5 23. Qf2 Bb5 24. Ne2 Bxe2 25. Qxe2 Rc8 26. Rc1 Qb4 27. Qd3 Rxc1+ 28. Rxc1 Rc8 29. Rxc8+ Kxc8 30. Kc2 Qe1 31. Qc3+ Qxc3+ 32. Kxc3 Bc5 33. Kd3 b5 1/2-1/2

[Event "Djenovici TS05 GM 3rd"]
[Site "Djenovici"]
[Date "2019.05.21"]
[Round "5"]
[White "Der Manuelian, Haik O"]
[Black "Abramovic, Bosko"]
[Result "1/2-1/2"]
[WhiteElo "2277"]
[BlackElo "2345"]
[PlyCount "32"]
[EventDate "2019.05.18"]
[EventType "tourn"]
[EventRounds "9"]
[EventCountry "MNE"]
[EventCategory "6"]
[SourceTitle "CBM 190 Extra"]
[Source "ChessBase"]
[SourceDate "2019.07.15"]
[SourceVersion "1"]
[SourceVersionDate "2019.07.15"]
[SourceQuality "1"]

1. d4 Nf6 2. c4 e6 3. g3 d5 4. Nf3 Bb4+ 5. Bd2 Be7 6. Bg2 Nbd7 7. 0-0 c6 8. Qc2 0-0 9. Bf4 b6 10. Nc3 Bb7 11. Rfd1 dxc4 12. Nd2 Nd5 13. Nxc4 Nxf4 14. gxf4 Qc7 15. e3 Rad8 16. Rac1 c5 1/2-1/2

[Event "Djenovici TS05 GM 3rd"]
[Site "Djenovici"]
[Date "2019.05.20"]
[Round "4"]
[White "Om, Kharola"]
[Black "Der Manuelian, Haik O"]
[Result "1/2-1/2"]
[WhiteElo "2329"]
[BlackElo "2277"]
[PlyCount "104"]
[EventDate "2019.05.18"]
[EventType "tourn"]
[EventRounds "9"]
[EventCountry "MNE"]
[EventCategory "6"]
[SourceTitle "CBM 190 Extra"]
[Source "ChessBase"]
[SourceDate "2019.07.15"]
[SourceVersion "1"]
[SourceVersionDate "2019.07.15"]
[SourceQuality "1"]

1. e4 e5 2. Nf3 Nc6 3. Bb5 Nf6 4. d3 Bc5 5. c3 0-0 6. 0-0 d6 7. h3 a6 8. Ba4 Ba7 9. Re1 Ne7 10. Be3 Ng6 11. Nbd2 Bxe3 12. fxe3 c6 13. Bc2 d5 14. exd5 cxd5 15. c4 dxc4 16. Nxc4 Re8 17. d4 exd4 18. Qxd4 Qxd4 19. Nxd4 b5 20. Nb6 Rb8 21. Nxc8 Rbxc8 22. Bxg6 hxg6 23. Rac1 Kf8 24. Nb3 Ne4 25. Rxc8 Rxc8 26. Rc1 Rxc1+ 27. Nxc1 Ke7 28. Nd3 Kd6 29. Kf1 a5 30. Ke2 Kd5 31. Kf3 Ng5+ 32. Ke2 Ne4 33. Kf3 Ng5+ 34. Ke2 b4 35. Nf4+ Kc4 36. Nd3 Kd5 37. Nf4+ Ke4 38. h4 Nh7 39. Nh3 f6 40. g4 g5 41. hxg5 Nxg5 42. Nxg5+ fxg5 43. b3 Ke5 44. Kd2 Ke4 45. Ke2 Ke5 46. Kd3 Kd5 47. e4+ Ke5 48. Ke3 g6 49. Kd3 Kf4 50. e5 Kxe5 51. Ke3 Kd5 52. Kd3 Ke5 1/2-1/2

[Event "Kragujevac Milicevic Memorial"]
[Site "Kragujevac"]
[Date "2019.05.01"]
[Round "6"]
[White "Der Manuelian, Haik O"]
[Black "Ristic, Nenad"]
[Result "1/2-1/2"]
[WhiteElo "2277"]
[BlackElo "2356"]
[PlyCount "106"]
[EventDate "2019.04.28"]
[EventType "tourn"]
[EventRounds "9"]
[EventCountry "SRB"]
[EventCategory "6"]
[SourceTitle "CBM 190 Extra"]
[Source "ChessBase"]
[SourceDate "2019.07.15"]
[SourceVersion "1"]
[SourceVersionDate "2019.07.15"]
[SourceQuality "1"]

1. e4 c5 2. Nf3 d6 3. d4 cxd4 4. Nxd4 Nf6 5. Nc3 g6 6. Be3 Bg7 7. f3 0-0 8. Qd2 Nc6 9. 0-0-0 d5 10. exd5 Nxd5 11. Nxc6 bxc6 12. Bd4 Bxd4 13. Qxd4 Qb6 14. Na4 Qc7 15. Bc4 Rd8 16. Nc5 Bf5 17. Bb3 Nf4 18. Qf2 Qb6 19. g3 Ne6 20. Bxe6 Bxe6 21. Rxd8+ Rxd8 22. Rd1 Rxd1+ 23. Kxd1 Bd5 24. Qd4 Bxf3+ 25. Ke1 Bd5 26. a3 e5 27. Qc3 f6 28. b4 Kg7 29. a4 h5 30. h4 Qb8 31. Qd2 e4 32. Qc3 Qc8 33. Qe3 Qh3 34. c4 Qh1+ 35. Kd2 Bxc4 36. Nxe4 Bf7 37. Qd4 Qg2+ 38. Ke1 Qf3 39. Kd2 a6 40. Qe3 Qg2+ 41. Kc3 Qf1 42. Qd4 Bd5 43. Qa7+ Kh8 44. Qb8+ Bg8 45. Qf8 Qc4+ 46. Kd2 Qd4+ 47. Kc1 Qe3+ 48. Kb2 Qe2+ 49. Kc3 Qe1+ 50. Kb2 Qe2+ 51. Kc3 Qe3+ 52. Kb2 Qb3+ 53. Kc1 Qe3+ 1/2-1/2

[Event "Kragujevac Milicevic Memorial"]
[Site "Kragujevac"]
[Date "2019.05.01"]
[Round "5"]
[White "Martic, Ivan"]
[Black "Der Manuelian, Haik O"]
[Result "1/2-1/2"]
[WhiteElo "2390"]
[BlackElo "2277"]
[PlyCount "63"]
[EventDate "2019.04.28"]
[EventType "tourn"]
[EventRounds "9"]
[EventCountry "SRB"]
[EventCategory "6"]
[SourceTitle "CBM 190 Extra"]
[Source "ChessBase"]
[SourceDate "2019.07.15"]
[SourceVersion "1"]
[SourceVersionDate "2019.07.15"]
[SourceQuality "1"]

1. e4 e5 2. Nf3 Nc6 3. Bc4 Bc5 4. c3 Nf6 5. d3 a6 6. 0-0 d6 7. a4 0-0 8. h3 h6 9. Re1 Re8 10. Na3 Bxa3 11. Rxa3 Be6 12. Bxe6 Rxe6 13. a5 d5 14. Qe2 dxe4 15. dxe4 Nh5 16. g3 Nf6 17. Nh4 Qd7 18. Rd1 Rd6 19. Rxd6 cxd6 20. Kh2 d5 21. exd5 Qxd5 22. Nf5 Rd8 23. Ne3 Qe4 24. Qc2 Qf3 25. Qf5 Qe2 26. Qc2 Qf3 27. Qf5 Qe2 28. Qc2 Qe1 29. Ng2 Qf1 30. Ne3 Qe1 31. Ng2 Qe4 32. Ne3 1/2-1/2

[Event "Kragujevac Milicevic Memorial"]
[Site "Kragujevac"]
[Date "2019.04.30"]
[Round "4"]
[White "Der Manuelian, Haik O"]
[Black "Milanovic, Danilo"]
[Result "1/2-1/2"]
[WhiteElo "2277"]
[BlackElo "2500"]
[PlyCount "80"]
[EventDate "2019.04.28"]
[EventType "tourn"]
[EventRounds "9"]
[EventCountry "SRB"]
[EventCategory "6"]
[SourceTitle "CBM 190 Extra"]
[Source "ChessBase"]
[SourceDate "2019.07.15"]
[SourceVersion "1"]
[SourceVersionDate "2019.07.15"]
[SourceQuality "1"]

1. e4 d5 2. exd5 Qxd5 3. Nc3 Qd6 4. d4 Nf6 5. Nf3 a6 6. g3 Bg4 7. Bg2 c6 8. 0-0 e6 9. h3 Bxf3 10. Bxf3 Be7 11. Bf4 Qd8 12. Ne2 Bd6 13. Be3 0-0 14. c4 Nbd7 15. Bg2 Qc7 16. Nc3 b5 17. c5 Be7 18. Bf4 Qb7 19. Qf3 Nd5 20. Nxd5 exd5 21. Rfe1 Bf6 22. Qe3 Qc8 23. h4 Re8 24. Qd2 Qb7 25. Re3 Rxe3 26. Qxe3 Nf8 27. Re1 Ne6 28. Be5 Qe7 29. Bh3 Re8 30. Bxe6 Qxe6 31. Bxf6 gxf6 32. b4 Kg7 33. Kh2 h6 34. g4 Qxe3 35. Rxe3 Rxe3 36. fxe3 f5 37. Kg3 Kg6 38. Kf4 fxg4 39. Kxg4 f5+ 40. Kf4 Kf6 1/2-1/2

[Event "Paracin Orbis op "]
[Site "Paracin"]
[Date "2019.04.26"]
[Round "9"]
[White "Djordjevic, Vuk D"]
[Black "Der Manuelian, Haik O"]
[Result "1-0"]
[WhiteElo "2401"]
[BlackElo "2278"]
[PlyCount "93"]
[EventDate "2019.04.20"]
[EventType "swiss"]
[EventRounds "9"]
[EventCountry "SRB"]
[SourceTitle "CBM 190 Extra"]
[Source "ChessBase"]
[SourceDate "2019.07.15"]
[SourceVersion "1"]
[SourceVersionDate "2019.07.15"]
[SourceQuality "1"]

1. d4 d5 2. c4 c6 3. Nc3 Nf6 4. Nf3 e6 5. Bg5 h6 6. Bh4 dxc4 7. e4 g5 8. Bg3 b5 9. Ne5 Bb7 10. h4 g4 11. Be2 Rg8 12. Nxg4 Nxg4 13. Bxg4 b4 14. Na4 Nd7 15. 0-0 Qa5 16. Be2 Ba6 17. b3 c3 18. Bxa6 Qxa6 19. Qf3 Qb5 20. a3 e5 21. dxe5 Nxe5 22. Bxe5 Qxe5 23. axb4 Bxb4 24. Rac1 Rg6 25. Nxc3 Qf6 26. Qxf6 Rxf6 27. e5 Rf4 28. g3 Rd4 29. Ne2 Re4 30. Nf4 Bd2 31. Rxc6 Bxf4 32. gxf4 Rb8 33. Rxh6 Rxb3 34. Ra1 Rb7 35. Rf6 Rb6 36. Rf5 a6 37. Kg2 Rc4 38. h5 Kf8 39. Rd1 Rc7 40. Rd8+ Kg7 41. Rg5+ Kh7 42. Rgg8 f6 43. Rh8+ Kg7 44. e6 f5 45. Rdg8+ Kf6 46. Rg6+ Ke7 47. Rh7+ 1-0

[Event "Zadar op-A 25th"]
[Site "Zadar"]
[Date "2018.12.22"]
[Round "9"]
[White "Blagojevic, Tijana"]
[Black "Der Manuelian, Haik O"]
[Result "0-1"]
[WhiteElo "2208"]
[BlackElo "2262"]
[PlyCount "92"]
[EventDate "2018.12.15"]
[EventType "swiss"]
[EventRounds "9"]
[EventCountry "CRO"]
[SourceTitle "CBM 187 Extra"]
[Source "ChessBase"]
[SourceDate "2018.11.04"]
[SourceVersion "1"]
[SourceVersionDate "2018.11.04"]
[SourceQuality "1"]

1. e4 e5 2. Nf3 Nc6 3. Nc3 Nf6 4. d4 exd4 5. Nxd4 Bb4 6. Nxc6 bxc6 7. Bd3 d5 8. exd5 cxd5 9. 0-0 0-0 10. h3 h6 11. Qf3 Re8 12. Bf4 c6 13. Rfe1 Be6 14. a3 Bd6 15. Ne2 c5 16. Rad1 d4 17. c4 Bxf4 18. Nxf4 Rb8 19. Nxe6 Rxe6 20. Rxe6 fxe6 21. Re1 Qd6 22. Re2 e5 23. Qf5 Re8 24. f3 Qe6 25. Qg6 a5 26. g4 Qf7 27. Qf5 Qe6 28. Qg6 e4 29. Bxe4 Qxc4 30. Rc2 Qb5 31. Bd3 Qc6 32. Qf5 Qd6 33. Kg2 Nd5 34. Bc4 Re5 35. Qd3 Kh8 36. Bxd5 Qxd5 37. Re2 Rxe2+ 38. Qxe2 c4 39. Kf2 d3 40. Qd2 Qd4+ 41. Kf1 a4 42. Kg2 Qd8 43. Kg3 Qb8+ 44. Kg2 Qb3 45. Qa5 Qc2+ 46. Kf1 d2 0-1

[Event "Zadar op-A 25th"]
[Site "Zadar"]
[Date "2018.12.20"]
[Round "7"]
[White "Der Manuelian, Haik O"]
[Black "Sahil, Tickoo"]
[Result "0-1"]
[WhiteElo "2262"]
[BlackElo "2224"]
[PlyCount "48"]
[EventDate "2018.12.15"]
[EventType "swiss"]
[EventRounds "9"]
[EventCountry "CRO"]
[SourceTitle "CBM 187 Extra"]
[Source "ChessBase"]
[SourceDate "2018.11.04"]
[SourceVersion "1"]
[SourceVersionDate "2018.11.04"]
[SourceQuality "1"]

1. e4 e6 2. d4 d5 3. Nc3 Nf6 4. Bg5 Bb4 5. e5 h6 6. Bh4 g5 7. Bg3 Ne4 8. Nge2 c5 9. a3 Bxc3+ 10. Nxc3 Nxc3 11. bxc3 Qa5 12. Qd2 Nc6 13. dxc5 Qxc5 14. h4 Rg8 15. hxg5 hxg5 16. Be2 Bd7 17. Kd1 0-0-0 18. Qd3 Rh8 19. Rxh8 Rxh8 20. Kd2 Rd8 21. c4 Qxc4 22. Qxc4 dxc4 23. Bxc4 Nd4 24. Bd3 Bb5 0-1

[Event "Zadar op-A 25th"]
[Site "Zadar"]
[Date "2018.12.15"]
[Round "1"]
[White "Loiseau, Quentin"]
[Black "Der Manuelian, Haik O"]
[Result "1-0"]
[WhiteElo "2443"]
[BlackElo "2262"]
[PlyCount "71"]
[EventDate "2018.12.15"]
[EventType "swiss"]
[EventRounds "9"]
[EventCountry "CRO"]
[SourceTitle "CBM 187 Extra"]
[Source "ChessBase"]
[SourceDate "2018.11.04"]
[SourceVersion "1"]
[SourceVersionDate "2018.11.04"]
[SourceQuality "1"]

1. c4 e6 2. g3 d5 3. Bg2 d4 4. Nf3 c5 5. e3 Nc6 6. 0-0 Nf6 7. d3 Be7 8. exd4 cxd4 9. Re1 0-0 10. Na3 h6 11. Nc2 a5 12. b3 Nd7 13. Bh3 Bf6 14. Ba3 Re8 15. Nd2 Be7 16. Bxe7 Rxe7 17. Bg2 Nc5 18. Ne4 Nxe4 19. Bxe4 Qd6 20. a3 Rb8 21. Qd2 f5 22. Bg2 b6 23. b4 Bb7 24. Qf4 Rd8 25. Qxd6 Rxd6 26. c5 bxc5 27. bxc5 Rd8 28. Rab1 Ba8 29. Rb6 Rc8 30. Bxc6 Bxc6 31. Nxd4 Bd5 32. Nxf5 Rd7 33. Rd6 Rxd6 34. Ne7+ Kf8 35. Nxc8 Rc6 36. Nb6 1-0

[Event "Paracin GM 2nd"]
[Site "Paracin"]
[Date "2018.12.07"]
[Round "7"]
[White "Der Manuelian, Haik O"]
[Black "Kosic, Dragan"]
[Result "0-1"]
[WhiteElo "2262"]
[BlackElo "2488"]
[PlyCount "102"]
[EventDate "2018.12.03"]
[EventType "tourn"]
[EventRounds "9"]
[EventCountry "SRB"]
[EventCategory "6"]
[SourceTitle "CBM 187 Extra"]
[Source "ChessBase"]
[SourceDate "2018.11.04"]
[SourceVersion "1"]
[SourceVersionDate "2018.11.04"]
[SourceQuality "1"]

1. e4 e6 2. d4 d5 3. Bd3 dxe4 4. Bxe4 Nf6 5. Bf3 Nbd7 6. Nc3 a6 7. Bf4 Bd6 8. Bxd6 cxd6 9. Qd2 0-0 10. Nge2 Rb8 11. a4 b6 12. 0-0 Qc7 13. Ng3 Bb7 14. Nce4 Rfc8 15. c3 Bxe4 16. Bxe4 Nxe4 17. Nxe4 d5 18. Ng3 b5 19. axb5 axb5 20. Nh5 g6 21. Nf4 b4 22. Rfc1 bxc3 23. Rxc3 Qb6 24. Rac1 Rxc3 25. bxc3 Nf6 26. h4 Qb2 27. Qxb2 Rxb2 28. f3 Kg7 29. Kf1 Ne8 30. Nd3 Ra2 31. Nb4 Ra3 32. Ke2 h5 33. Kd3 Nd6 34. Nc2 Ra2 35. Ne3 Kf6 36. Rg1 Rb2 37. Rh1 Nf5 38. Nxf5 Kxf5 39. g3 Rg2 40. Rh3 f6 41. Ke3 e5 42. dxe5 fxe5 43. Rh1 Rxg3 44. Rd1 Ke6 45. Kf2 Rh3 46. Rg1 Rh2+ 47. Ke3 Kf5 48. Rd1 Rxh4 49. Rxd5 Rc4 50. Kd3 Rc6 51. Rd8 Kf4 0-1

[Event "Paracin GM 2nd"]
[Site "Paracin"]
[Date "2018.12.06"]
[Round "5"]
[White "Der Manuelian, Haik O"]
[Black "Djordjevic, Vuk D"]
[Result "1/2-1/2"]
[WhiteElo "2262"]
[BlackElo "2414"]
[PlyCount "152"]
[EventDate "2018.12.03"]
[EventType "tourn"]
[EventRounds "9"]
[EventCountry "SRB"]
[EventCategory "6"]
[SourceTitle "CBM 187 Extra"]
[Source "ChessBase"]
[SourceDate "2018.11.04"]
[SourceVersion "1"]
[SourceVersionDate "2018.11.04"]
[SourceQuality "1"]

1. e4 e6 2. d4 d5 3. Nc3 Bb4 4. exd5 exd5 5. Bd3 Nf6 6. Nge2 0-0 7. 0-0 Re8 8. Ng3 c6 9. Bf4 Nbd7 10. Nce2 Nf8 11. c3 Be7 12. Qc2 Bg4 13. Rae1 Bd6 14. Bc1 Qc7 15. h3 Bxe2 16. Nxe2 h6 17. b3 Ne6 18. c4 Bb4 19. Rd1 dxc4 20. bxc4 Rad8 21. Be3 Bd6 22. Kh1 b6 23. a4 Nf4 24. Bxf4 Bxf4 25. Rfe1 Bd6 26. Ng1 Rxe1 27. Rxe1 Bb4 28. Rb1 a5 29. Nf3 c5 30. d5 Re8 31. Qd1 Qd6 32. Rb2 Qd7 33. Kg1 Re7 34. Kf1 g6 35. Re2 Rxe2 36. Kxe2 Ne8 37. Bc2 Nd6 38. Qd3 Qe7+ 39. Kf1 Qf6 40. g3 Qb2 41. Qb3 Qf6 42. Kg2 Kg7 43. Bd3 Kf8 44. Qc2 Qa1 45. h4 Qf6 46. Qc1 Kg7 47. Qc2 Qa1 48. Qe2 Qf6 49. Qe5 Bc3 50. Qxf6+ Kxf6 51. Ng1 Ke5 52. Ne2 Bb2 53. f4+ Kf6 54. g4 Ke7 55. Kf3 Nc8 56. g5 hxg5 57. hxg5 Nd6 58. Ng3 Bc1 59. Nh1 Nc8 60. Nf2 Nd6 61. Ng4 Bb2 62. Ne5 Ke8 63. Ng4 Bc1 64. Ne5 Bd2 65. Ng4 Kf8 66. Ne5 Bc3 67. Ng4 Ke7 68. Nf2 Bb2 69. Ng4 Ne8 70. Nf2 Ng7 71. Kg4 Bc1 72. f5 gxf5+ 73. Bxf5 Ne8 74. Ne4 Bb2 75. Kf3 Be5 76. Bh3 Nd6 1/2-1/2

[Event "Paracin GM 2nd"]
[Site "Paracin"]
[Date "2018.12.04"]
[Round "2"]
[White "Savic, Miodrag R"]
[Black "Der Manuelian, Haik O"]
[Result "1-0"]
[WhiteElo "2511"]
[BlackElo "2262"]
[PlyCount "45"]
[EventDate "2018.12.03"]
[EventType "tourn"]
[EventRounds "9"]
[EventCountry "SRB"]
[EventCategory "6"]
[SourceTitle "CBM 187 Extra"]
[Source "ChessBase"]
[SourceDate "2018.11.04"]
[SourceVersion "1"]
[SourceVersionDate "2018.11.04"]
[SourceQuality "1"]

1. e4 e5 2. Nf3 Nc6 3. Bc4 Bc5 4. 0-0 Nf6 5. d3 a6 6. c3 d6 7. Bb3 0-0 8. Re1 h6 9. h3 Re8 10. Nbd2 Be6 11. Bxe6 Rxe6 12. Nf1 d5 13. Qb3 dxe4 14. dxe4 Kh7 15. Be3 Bxe3 16. Nxe3 Ne7 17. Rad1 Qc8 18. Nh4 b6 19. Nd5 g6 20. f4 Nc6 21. f5 Na5 22. Qa3 Rd6 23. fxg6+ 1-0

[Event "Djenovici TS11 GM"]
[Site "Djenovici"]
[Date "2018.11.19"]
[Round "3"]
[White "Der Manuelian, Haik O"]
[Black "Plenkovic, Zdenko"]
[Result "0-1"]
[WhiteElo "2271"]
[BlackElo "2398"]
[PlyCount "122"]
[EventDate "2018.11.17"]
[EventType "tourn"]
[EventRounds "9"]
[EventCountry "MNE"]
[EventCategory "6"]
[SourceTitle "CBM 187 Extra"]
[Source "ChessBase"]
[SourceDate "2018.11.04"]
[SourceVersion "1"]
[SourceVersionDate "2018.11.04"]
[SourceQuality "1"]

1. e4 d5 2. exd5 Qxd5 3. Nc3 Qd8 4. d4 Nf6 5. Nf3 e6 6. Bd3 c5 7. dxc5 Bxc5 8. Qe2 Nc6 9. Bf4 0-0 10. 0-0-0 Qa5 11. Kb1 Nb4 12. Bc4 e5 13. Nxe5 Bf5 14. Bb3 Rae8 15. Qf3 Qa6 16. h3 Be6 17. Nd3 Bxb3 18. axb3 Be7 19. Rhe1 Nc6 20. Ne5 Nb4 21. Qe2 Bc5 22. Qxa6 bxa6 23. f3 Nh5 24. Bh2 Bf2 25. Re4 a5 26. Nd3 Nxd3 27. Rxd3 f5 28. Rxe8 Rxe8 29. g4 Bg3 30. Bxg3 Nxg3 31. f4 Re1+ 32. Rd1 Rxd1+ 33. Nxd1 Ne2 34. gxf5 Nxf4 35. Nf2 Kf7 36. c4 Kf6 37. Kc2 Kxf5 38. Kc3 Ne6 39. b4 axb4+ 40. Kxb4 h5 41. c5 Kf4 42. c6 Ke3 43. Nd1+ Kd4 44. Ka5 Nc7 45. b4 g5 46. b5 g4 47. hxg4 hxg4 48. Nf2 g3 49. Nh3 Kc5 50. Nf4 Nxb5 51. Ka6 Kxc6 52. Ng2 Kc5 53. Nh4 Kb4 54. Ng2 Kc4 55. Nh4 Nd4 56. Kxa7 Kd3 57. Kb6 Nf5 58. Ng2 Ne3 59. Nh4 Ke4 60. Kc5 Kf4 61. Ng6+ Kf5 0-1

[Event "Djenovici TS11 GM"]
[Site "Djenovici"]
[Date "2018.11.18"]
[Round "2"]
[White "Pikula, Dejan"]
[Black "Der Manuelian, Haik O"]
[Result "1-0"]
[WhiteElo "2485"]
[BlackElo "2271"]
[PlyCount "91"]
[EventDate "2018.11.17"]
[EventType "tourn"]
[EventRounds "9"]
[EventCountry "MNE"]
[EventCategory "6"]
[SourceTitle "CBM 187 Extra"]
[Source "ChessBase"]
[SourceDate "2018.11.04"]
[SourceVersion "1"]
[SourceVersionDate "2018.11.04"]
[SourceQuality "1"]

1. e4 e5 2. Nf3 Nc6 3. Bb5 Nf6 4. d3 Bc5 5. c3 0-0 6. 0-0 d6 7. h3 Ne7 8. d4 Bb6 9. Re1 Ng6 10. Nbd2 c6 11. Bf1 Re8 12. dxe5 dxe5 13. Qc2 h6 14. Nc4 Bc5 15. Rd1 Qc7 16. b4 Bf8 17. a4 Be6 18. Be3 b6 19. Nfd2 Nd7 20. Nb3 Red8 21. Rd2 Be7 22. Rad1 Ndf8 23. a5 Bxc4 24. Bxc4 Bg5 25. Bxg5 hxg5 26. Qa2 b5 27. Bf1 Ne6 28. c4 a6 29. Qc2 Qe7 30. Qc3 Rxd2 31. Rxd2 Rd8 32. g3 Rxd2 33. Qxd2 Ngf8 34. Be2 Nd4 35. Nxd4 exd4 36. cxb5 cxb5 37. Qxd4 Ne6 38. Qc3 Qd8 39. Bg4 Nd4 40. Qc8 Qxc8 41. Bxc8 Kf8 42. Bxa6 Ke7 43. Bb7 Kd6 44. Bd5 Kc7 45. Bxf7 Nc6 46. Be8 1-0

[Event "Djenovici TS11 GM"]
[Site "Djenovici"]
[Date "2018.11.17"]
[Round "1"]
[White "Drasko, Milan"]
[Black "Der Manuelian, Haik O"]
[Result "1-0"]
[WhiteElo "2434"]
[BlackElo "2271"]
[PlyCount "119"]
[EventDate "2018.11.17"]
[EventType "tourn"]
[EventRounds "9"]
[EventCountry "MNE"]
[EventCategory "6"]
[SourceTitle "CBM 187 Extra"]
[Source "ChessBase"]
[SourceDate "2018.11.04"]
[SourceVersion "1"]
[SourceVersionDate "2018.11.04"]
[SourceQuality "1"]

1. Nf3 d5 2. g3 Bg4 3. Bg2 Nd7 4. 0-0 c6 5. d3 Ngf6 6. Qe1 e5 7. e4 dxe4 8. dxe4 Bc5 9. Nbd2 Qe7 10. h3 Bh5 11. Nh4 Bg6 12. Nb3 Bb6 13. Bd2 h6 14. Nxg6 fxg6 15. a4 g5 16. a5 Bc7 17. Qe2 Qe6 18. Ra4 0-0 19. Qc4 Rfe8 20. Rfa1 Bd6 21. Qxe6+ Rxe6 22. Bf1 Kf8 23. Be3 Ree8 24. f3 Ke7 25. Rc4 Rec8 26. Kf2 c5 27. Rca4 Rab8 28. Nd2 b5 29. axb6 axb6 30. Bb5 Nf8 31. Ra7+ Rc7 32. Rxc7+ Bxc7 33. Ra7 Kd8 34. Nc4 Ng8 35. Bd2 Ne6 36. c3 Nf8 37. Ne3 Ne7 38. Nd5 Ne6 39. Be3 Nc8 40. Ra6 Bd6 41. Ra1 Nc7 42. Nxc7 Kxc7 43. h4 gxh4 44. gxh4 Be7 45. h5 Nd6 46. Be2 Kb7 47. Ba6+ Kc6 48. Bf1 Kb7 49. Kg3 Ra8 50. Rxa8 Kxa8 51. Kg4 Kb8 52. f4 Bf6 53. fxe5 Bxe5 54. Bf4 Bxf4 55. Kxf4 Nc8 56. Ke5 Kc7 57. Ke6 Kd8 58. Bb5 Na7 59. Bd7 b5 60. Kd6 1-0

[Event "Djenovici TS10 GM"]
[Site "Djenovici"]
[Date "2018.10.28"]
[Round "9"]
[White "Der Manuelian, Haik O"]
[Black "Gungl, Theo"]
[Result "0-1"]
[WhiteElo "2269"]
[BlackElo "2347"]
[PlyCount "50"]
[EventDate "2018.10.20"]
[EventType "tourn"]
[EventRounds "9"]
[EventCountry "MNE"]
[EventCategory "6"]
[SourceTitle "CBM 187 Extra"]
[Source "ChessBase"]
[SourceDate "2018.11.04"]
[SourceVersion "1"]
[SourceVersionDate "2018.11.04"]
[SourceQuality "1"]

1. e4 c5 2. Nf3 d6 3. d4 cxd4 4. Nxd4 Nf6 5. Nc3 a6 6. Be3 e6 7. Be2 Qc7 8. a4 Nc6 9. 0-0 Be7 10. f4 0-0 11. Kh1 Re8 12. Bf3 Bf8 13. Qd2 Na5 14. b3 Nc6 15. Nde2 Bd7 16. g4 h6 17. h4 e5 18. f5 d5 19. Nxd5 Nxd5 20. exd5 e4 21. dxc6 exf3 22. Qxd7 Qe5 23. Nf4 Qxe3 24. Nd3 Rad8 25. Qxb7 Rxd3 0-1

[Event "Djenovici TS10 GM"]
[Site "Djenovici"]
[Date "2018.10.26"]
[Round "7"]
[White "Der Manuelian, Haik O"]
[Black "Rabrenovic, Vladan"]
[Result "1-0"]
[WhiteElo "2269"]
[BlackElo "2343"]
[PlyCount "83"]
[EventDate "2018.10.20"]
[EventType "tourn"]
[EventRounds "9"]
[EventCountry "MNE"]
[EventCategory "6"]
[SourceTitle "CBM 187 Extra"]
[Source "ChessBase"]
[SourceDate "2018.11.04"]
[SourceVersion "1"]
[SourceVersionDate "2018.11.04"]
[SourceQuality "1"]

1. e4 d5 2. exd5 Qxd5 3. Nc3 Qd8 4. d4 Nf6 5. Nf3 Bg4 6. h3 Bxf3 7. Qxf3 c6 8. Be3 e6 9. Bd3 Nbd7 10. 0-0 Bd6 11. Ne2 0-0 12. c4 e5 13. Rad1 Re8 14. Ng3 exd4 15. Bxd4 Be5 16. Bb1 Bxd4 17. Rxd4 Ne5 18. Qc3 Qc7 19. Rfd1 Ng6 20. Qd2 Qe5 21. f4 Qe3+ 22. Qxe3 Rxe3 23. Nf5 Ree8 24. Nd6 Re7 25. Bxg6 hxg6 26. Kf2 c5 27. R4d3 a6 28. Kf3 Kf8 29. g4 Rd8 30. g5 Ne8 31. Ne4 Rxd3+ 32. Rxd3 Rc7 33. Rd5 b6 34. Rd8 Ke7 35. Ra8 a5 36. Nc3 Kd7 37. Nb5 Rc6 38. b3 Nd6 39. Ra7+ Ke6 40. Nc7+ Ke7 41. Nd5+ Ke8 42. Ne7 1-0